Statistics for Slap Chop Infomercial Quotes Quiz

Click here to take the quiz!

General Stats

  • This quiz has been taken 215 times
  • The average score is 4 of 7

Answer Stats

HintAnswer% Correct
____ your troubles away with the Slap ChopSlap
89%
This is making you cry, you're making me ___.cry
71%
You love salad, you hate ______ itmaking
70%
Stop having a boring tuna, stop having a boring ____.life
56%
You're gonna love my ____.nuts
54%
Watch this; tacos, fettucinni, linguini, martini, ______.bikini
34%
We're gonna make America _____ again, one slap at a timeskinny
32%

Score Distribution

Percentile by Number Answered

Percent of People with Each Score

Your Score History

You have not taken this quiz